| 000 | 01051cam a2200229 4500 | ||
|---|---|---|---|
| 001 | ABS64658 | ||
| 008 | 011105n2001 000 0 eng u | ||
| 035 | _a(Sirsi) u115480 | ||
| 100 | _aHarris, P. | ||
| 245 | _aOn shaky grounds | ||
| 260 | _c2001 | ||
| 490 |
_aBuilding _v266(8207) 26 October 2001, 56(1) |
||
| 520 | _aDiscussion of the Party Wall Act 1996. Focuses on one of its shortcomings, the issue of stabilising shared foundations where two or more properties have a foundation that is moving. This causes problems in s6(3) of the act which states that the building owner shall at their own expense strengthen or safeguard the foundations of the adjoining owner. Argues the need for this part of the act to be clarified or amended. | ||
| 590 | _aABS | ||
| 650 | _aPARTY WALL ACT 1996 S6(3) | ||
| 650 | _aSHARED FOUNDATIONS | ||
| 650 | _aBUILT ENVIRONMENT-BUILDING ELEMENTS-COMPLETE BUILDING ELEMENTS-FOUNDATIONS | ||
| 650 | _aUNSTABLE LAND | ||
| 650 | _aADJOINING PROPERTIES | ||
| 690 |
_aDISPUTE RESOLUTION _96236 |
||
| 942 | _n0 | ||
| 999 |
_c68781 _d68781 |
||